| 000 | 02609nam a2200325 a 4500 | ||
|---|---|---|---|
| 001 | 000015297 | ||
| 005 | 20250714091949.0 | ||
| 008 | 100204k19811988ru a 000 0 spa d | ||
| 020 | _a5010005840 (t. 51) | ||
| 020 | _a5010005859 (t. 52) | ||
| 020 | _a5010005867 (t. 53) | ||
| 020 | _a5010005883 (t. 55) | ||
| 040 |
_aDO-SdBNP _bspa _cBNPHU |
||
| 041 | 1 | 7 |
_aspa _hrus _2Código de idioma MARC |
| 082 |
_a335.43 _bL566ób |
||
| 100 | 1 |
_aLenin, Vladimir Il'ich, _d1870-1924 _934524 |
|
| 245 | 1 | 0 |
_aObras completas / _cV. I. Lenin. |
| 260 |
_aMoscú : _bProgreso, _c1981-1988. |
||
| 300 |
_av. : _bil. ; _c20 cm. |
||
| 504 | _aIncluye referencias bibliográficas | ||
| 500 | _aLa biblioteca posee los volúmenes 3-8, 10-13, 15,17, 19-25,27, 29-30, 34-35, 37-43, 45-46, 48, 51-53 y 55. | ||
| 505 | 0 |
_gv. 3. _tEl desarrollo del capitalismo en Rusia -- _gv. 4. _t1898 - abril de 1901 -- _gv. 6. _tEnero - agosto de 1902 -- _gv. 7. _tSeptiembre de 1902 - septiembre de 1903 -- _gv. 8. _tSeptiembre de 1903 - julio de 1904 -- _gv. 10. _tMarzo - junio de 1905 -- _gv. 11. _tJulio - octubre de 1905 -- _gv. 12. _tOctubre de 1905 - abril de 1906 -- _gv. 13. _tMayo - septiembre de 1906 -- _gv. 15. _tFebrero - junio de 1907 -- _gv. 17. _tMarzo de 1908 - junio de 1909 -- _gv. 19. _tJunio de 1909 - octubre de 1910 -- _gv. 20. _tNoviembre de 1910 - noviembre de 1911 -- _gv. 21. _tDiciembre de 1911 - julio de 1912 -- _gv. 22. _tJulio de 1912 - febrero de 1913 -- _gv. 23. _tMarzo - septiembre de 1913 -- _gv. 24. _tSeptiembre de 1913 - marzo de 1914. |
|
| 505 | 0 |
_gv. 25. _tMarzo - julio de 1914 -- _gv. 27. _tAgosto de 1915 - junio de 1916 -- _gv. 29. _tCuadernos filosóficos -- _gv. 30. _tJulio de 1916 - febrero de 1917 -- _gv. 32. _tMayo - julio de 1917 -- _gv. 34. _tJulio - octubre de 1917 -- _gv. 35. _tOctubre de 1917 - marzo de 1918 -- _gv. 37. _tJulio de 1918 - marzo de 1919 -- _gv. 38. _tMarzo - junio de 1919 -- _gv. 39. _tJunio - diciembre de 1919 -- _gv. 40. _tDiciembre de 1919 - abril de 1920 -- _gv. 41. _tMayo - noviembre de 1920 -- _gv. 42. _tNoviembre de 1920 - marzo de 1921 -- _gv. 43. _tMarzo - junio de 1921 -- _gv. 45. _tMarzo de 1922 - marzo de 1923 -- _gv. 46. _tCartas: 1893 - 1904 -- _gv. 48. _tCartas: noviembre de 1910 - julio de 1914 -- _gv. 51. _tCartas: julio de 1919 - noviembre de 1920 -- _gv. 52. _tCartas: noviembre de 1920 - junio de 1921 -- _gv. 53. _tCartas: junio - noviembre de 1921 -- _gv. 55. _tCartas a los familiares: 1893 - 1922. |
|
| 600 | 1 | 0 |
_aLENIN, VLADIMIR IL'ICH, _d1870-1924 _934525 |
| 650 | 4 |
_aComunismo _92880 |
|
| 650 | 0 |
_aSocialismo _9287 |
|
| 650 | 0 |
_aProletariado _921172 |
|
| 650 | 0 |
_aCapitalismo _9280 |
|
| 910 | _aWM | ||
| 999 |
_c14863 _d14863 |
||